Southville International School and Colleges
Your cart is empty.
  • Cart
  • Lists
    Public lists Eva Luna New books Lux_list list_1
    Your lists Log in to create your own lists
  • Log in to your account
  • Your cookies
  • Search history
Southville International School and Colleges
  • Advanced search
  • Recent comments
  • Most popular
  • Libraries

Log in to your account

Log in with GOOGLE


If you do not have an external account, but do have a local account, you can still log in:

  1. Home
  2. MARC view: The praxis series official guide /
Normal view MARC view ISBD view

The praxis series official guide / (Record no. 275965)

[ view plain ]
MARC details
000 -LEADER
fixed length control field 02942cam a2200517 a 4500
001 - CONTROL NUMBER
control field 15836591
005 - DATE AND TIME OF LATEST TRANSACTION
control field 20140930152207.0
007 - PHYSICAL DESCRIPTION FIXED FIELD--GENERAL INFORMATION
fixed length control field co |g|||||||||
008 - FIXED-LENGTH DATA ELEMENTS--GENERAL INFORMATION
fixed length control field 090727s2010 nyua b 000 0 eng
010 ## - LIBRARY OF CONGRESS CONTROL NUMBER
LC control number 2009030258
015 ## - NATIONAL BIBLIOGRAPHY NUMBER
National bibliography number GBA981325
Source bnb
016 7# - NATIONAL BIBLIOGRAPHIC AGENCY CONTROL NUMBER
Record control number 015351535
Source Uk
020 ## - INTERNATIONAL STANDARD BOOK NUMBER
International Standard Book Number 9780071626606 (book/CD set)
020 ## - INTERNATIONAL STANDARD BOOK NUMBER
International Standard Book Number 9780071626583 (book/CD set : book)
020 ## - INTERNATIONAL STANDARD BOOK NUMBER
International Standard Book Number 9780071626590 (book/CD set : CD)
020 ## - INTERNATIONAL STANDARD BOOK NUMBER
Cancelled/invalid ISBN 9780071626569 (sfc. : book only)
020 ## - INTERNATIONAL STANDARD BOOK NUMBER
International Standard Book Number 0071626603 (book/CD set)
020 ## - INTERNATIONAL STANDARD BOOK NUMBER
International Standard Book Number 0071626581 (book/CD set : book)
020 ## - INTERNATIONAL STANDARD BOOK NUMBER
International Standard Book Number 007162659X (book/CD set : CD)
020 ## - INTERNATIONAL STANDARD BOOK NUMBER
Cancelled/invalid ISBN 0071626565 (sfc. : book only)
035 ## - SYSTEM CONTROL NUMBER
System control number (OCoLC)ocn318409235
040 ## - CATALOGING SOURCE
Original cataloging agency DLC
Transcribing agency DLC
Modifying agency YDX
-- YDXCP
-- CDX
-- UKM
-- DEBBG
-- ABG
-- DLC
043 ## - GEOGRAPHIC AREA CODE
Geographic area code n-us---
050 00 - LIBRARY OF CONGRESS CALL NUMBER
Classification number LB 2367.75
Item number .P735 2010
082 00 - DEWEY DECIMAL CLASSIFICATION NUMBER
Classification number 370.76
084 ## - OTHER CLASSIFICATION NUMBER
Classification number 5,3
Source of number ssgn
084 ## - OTHER CLASSIFICATION NUMBER
Classification number DO 1250
Source of number rvk
245 04 - TITLE STATEMENT
Title The praxis series official guide /
246 33 - VARYING FORM OF TITLE
Title proper/short title ETS, the praxis series official guide
250 ## - EDITION STATEMENT
Edition statement 2nd ed.
260 ## - PUBLICATION, DISTRIBUTION, ETC. (IMPRINT)
Place of publication, distribution, etc New York :
Name of publisher, distributor, etc McGraw-Hill,
Date of publication, distribution, etc c2010.
300 ## - PHYSICAL DESCRIPTION
Extent x, 500 pages :
Other physical details illustrations ;
Dimensions 28 cm. +
Accompanying material 1 CD-ROM (4 3/4 in.)
500 ## - GENERAL NOTE
General note At head of title: ETS.
505 0# - FORMATTED CONTENTS NOTE
Formatted contents note Getting started. Introducing the Praxis ; Praxis practical matters ; General strategies for test-takers -- Preparing for the PPST. All About the PPST ; PPST reading ; PPST mathematics ; PPST writing : the multiple-choice section ; PPST writing : the essay -- Real PPSTs for practice. PPST : Reading test ; PPST : Mathematics test ; PPST : writing test -- Praxis II : Principles of learning and teaching (PLT). All About the PLT Tests ; Real PLT questions for practice -- Praxis II, Elementary education. Elementary education : curriculum, instruction, and assessment ; Elementary education: content knowledge ; Elementary education : content area exercises -- Praxis II, Subject assessments. All about the Subject Assessments. Reading, English, Language arts ; Social studies, Math, Science ; Other Subjects -- Appendix A. Passing scores by test and state -- Appendix B. For more information.
538 ## - SYSTEM DETAILS NOTE
System details note System requirements: Microsoft Windows 2000, XP, Vista or Mac OS X 10.4x, 10.
650 #0 - SUBJECT ADDED ENTRY--TOPICAL TERM
Topical term or geographic name as entry element Pre-Professional Skills Tests
Form subdivision Study guides.
650 #0 - SUBJECT ADDED ENTRY--TOPICAL TERM
Topical term or geographic name as entry element Principles of Learning and Teaching Test
Form subdivision Study guides.
650 #0 - SUBJECT ADDED ENTRY--TOPICAL TERM
Topical term or geographic name as entry element Teachers
General subdivision Certification
Geographic subdivision United States.
710 2# - ADDED ENTRY--CORPORATE NAME
Corporate name or jurisdiction name as entry element Educational Testing Service.
856 42 - ELECTRONIC LOCATION AND ACCESS
Materials specified Contributor biographical information
Uniform Resource Identifier <a href="http://catdir.loc.gov/catdir/enhancements/fy0915/2009030258-b.html">http://catdir.loc.gov/catdir/enhancements/fy0915/2009030258-b.html</a>
856 42 - ELECTRONIC LOCATION AND ACCESS
Materials specified Publisher description
Uniform Resource Identifier <a href="http://catdir.loc.gov/catdir/enhancements/fy0915/2009030258-d.html">http://catdir.loc.gov/catdir/enhancements/fy0915/2009030258-d.html</a>
856 41 - ELECTRONIC LOCATION AND ACCESS
Materials specified Table of contents only
Uniform Resource Identifier <a href="http://catdir.loc.gov/catdir/enhancements/fy0915/2009030258-t.html">http://catdir.loc.gov/catdir/enhancements/fy0915/2009030258-t.html</a>
906 ## - LOCAL DATA ELEMENT F, LDF (RLIN)
a 7
b cbc
c orignew
d 1
e ecip
f 20
g y-gencatlg
942 ## - ADDED ENTRY ELEMENTS (KOHA)
Source of classification or shelving scheme Library of Congress Classification
Koha item type Books
Call number prefix Foreign
Holdings
Withdrawn status Lost status Source of classification or shelving scheme Damaged status Home library Current library Shelving location Date acquired Source of acquisition Total Checkouts Full call number Barcode Date last seen Price effective from Koha item type
    Library of Congress Classification   College Library College Library General Circulation Section 09/30/2014 Library Fund   LB 2367.75 .P735 2010 C18771 05/15/2018 09/30/2014 Books

The praxis series official guide /

APA

Educational Testing Service, . (2010). The praxis series official guide. New York: McGraw-Hill.

Chicago

Educational Testing Service, . 2010. The praxis series official guide. New York: McGraw-Hill.

Harvard

Educational Testing Service, . (2010). The praxis series official guide. New York: McGraw-Hill.

MLA

Educational Testing Service, . The praxis series official guide. New York: McGraw-Hill. 2010.

  • Place hold
  • Print
  • Cite
  • Add to your cart (remove)
  • Save record
    BIBTEX Dublin Core MARCXML MARC (non-Unicode/MARC-8) MARC (Unicode/UTF-8) MARC (Unicode/UTF-8, Standard) MODS (XML) RIS
  • More searches
    Search for this title in:
    Other Libraries (WorldCat) Other Databases (Google Scholar) Online Stores (Bookfinder.com) Open Library (openlibrary.org)

Exporting to Dublin Core...

SOUTHVILLE LIBRARY

Southville International School and Colleges Library

1281 Tropical Ave. Cor. Luxembourg St., BF Homes International, Las Pinas City

Tel. No. 8256374 / 252358 Loc. 117/146

Powered by Koha